000 00315nam a2200109Ia 4500
008 220204s9999 xx 000 0 und d
082 _a004.383.3
_bDIN
100 _aDiniz, Paulo S R
245 0 _aDigital signal processing : Syatem analysis and design
260 _aUK
_bCambridge University Press
_c2002
942 _cBK
999 _c42291
_d42291